Application of just-in-time principles to financial services : [πτυχιακή εργασία]

Αποθηκεύτηκε σε:
Λεπτομέρειες βιβλιογραφικής εγγραφής
Κύριος συγγραφέας: Μάνου, Ολγα
Συγγραφή απο Οργανισμό/Αρχή: Πανεπιστήμιο Αιγαίου Τμήμα Μηχανικών Οικονομίας και Διοίκησης - Τ.Μ.Ο.Δ. Σχολή Επιστημών της Διοίκησης
Άλλοι συγγραφείς: Μίνης, Ιωάννης (Εισηγητής διατριβής), Γλιάτης, Βασίλης (Εισηγητής διατριβής)
Μορφή: Thesis Βιβλίο
Γλώσσα:Greek
Δημοσίευση: 2007
Θέματα:
Διαθέσιμο Online:http://hdl.handle.net/11610/8573
Ετικέτες: Προσθήκη ετικέτας
Δεν υπάρχουν, Καταχωρήστε ετικέτα πρώτοι!

MARC

LEADER 00000cam a2200000 i 4500
001 1/72145
008 080123s2007 gre d
035 |l 10094072 
040 |a GR-MY-UA  |b gre  |e aacr 
041 0 |a gre 
082 0 |a 658.56  |2 (22) 
100 1 |a Μάνου, Ολγα. 
245 1 0 |a Application of just-in-time principles to financial services :  |b [πτυχιακή εργασία] /  |c Olga Manou ; Supervisors: Ioannis Minis, Vassilis Gliatis 
260 |c 2007 
300 |a 132 σ.;  |b σχέδια, πιν.;  |c 30 εκ. 
502 |a Πτυχιακή εργασία – Πανεπιστήμιο Αιγαίου, Χίος, 2007. 
504 |a Περιλαμβάνει βιβλιογραφία 
610 2 0 |a Πανεπιστήμιο Αιγαίου. 
650 0 0 |a Just-in-time systems. 
650 0 0 |a Financial services industry. 
650 0 0 |a Financial institutions  |x Management. 
650 0 0 |a Dissertations, Academic  |z Greece. 
700 1 |a Μίνης, Ιωάννης.  |4 ths 
700 1 |a Γλιάτης, Βασίλης.  |4 ths 
710 1 |a Πανεπιστήμιο Αιγαίου Τμήμα Μηχανικών Οικονομίας και Διοίκησης - Τ.Μ.Ο.Δ.  |b Σχολή Επιστημών της Διοίκησης. 
852 |a INST  |b CHIOS  |c DIATR  |e 20080123  |h 658.56 ΜΑΝ  |p 005200027871  |q 005200027871  |t DIE  |y 23 
852 |a INST  |b CHIOS  |c DIATR  |e 20080123  |h 658.56 ΜΑΝ  |p 005200027872  |q 005200027872  |t DIE  |y 23 
856 |u http://hdl.handle.net/11610/8573 
901 |a BIBL2-2008-1 
909 |a Χ  |b 146319 
909 |a Χ  |b 146320 
924 |a Μάνου  |b ΄Ολγα  |y Χίος  |z 2007-11 
970 |a Ατσάλη  |b Δέσποινα  |z 2008/01/23